|
|
|
|
| LEADER |
00000nam a2200000 a 4500 |
| 001 |
UCH8940 |
| 003 |
CL-VaPUC |
| 008 |
091217e20090000IT |||||||||||||||||ita|d |
| 020 |
|
|
|a 9788884228666
|
| 082 |
0 |
4 |
|a 262.9
|b PIC
|2 21
|
| 100 |
0 |
|
|a Picardi, Nicola
|e author
|9 545703
|
| 245 |
1 |
3 |
|a Lo stato vaticano e la sua giustizia
|
| 300 |
|
|
|a 189 p
|
| 942 |
|
|
|c BK
|
| 945 |
|
|
|d 20091217 00:00:00
|a rbrito
|
| 260 |
|
|
|a Bari
|b Cacucci
|c 2009
|
| 650 |
|
7 |
|a DERECHO CANONICO
|2 CL-VaPUC
|9 545704
|
| 650 |
|
0 |
|a Derecho eclesiástico
|9 255055
|
| 583 |
|
|
|a last modification
|c 20091217 00:00:00
|k Rodrigo Vera
|
| 999 |
|
|
|c 339021
|d 339019
|
| 952 |
|
|
|0 0
|1 0
|4 0
|6 262_900000000000000_PIC_2009
|7 0
|8 A
|9 432375
|a BIBDER
|b BIBDER
|d 2019-11-22
|i 4626249
|o 262.9 PIC 2009
|p 4626249
|r 2023-01-25
|w 2019-11-22
|y BK
|k DER
|